000 00861nam a22002177a 4500
003 UA-OsUOA
001 68380
007 ta
008 20100420b un ||||| |||| 00| 0 ukr d
100 _aПортнягин Д.И.
090 _a94(477)
_bП60
942 _cSA
040 _aUA-OsUOA
_brus
_cUA-OsUOA
_dUA-OsUOA
245 _aБританская дипломатия на Парижской мирной конференции 1919 г.
300 _aС.162-170
955 _a0
041 _arus
080 _a94(477)
773 0 _w68376
_tВестник Санкт-Петербургского университета. Серия 6. Философия. Культурология. Политология. Право. Международные отношения
_dСПб
_d2009
_g3
650 7 _a9 Географія. Біографії. Історія
_2UDC
999 _c354623
_d354623